000 00474nmm a2200169Ia 4500
008 251105s9999||||xx |||||||||||||||||und||
020 _a9788495839404
041 _aspa
100 _aGual, Roger
245 0 _aTodo por un largo :
_b diario de Smoking Room
264 _a[Madrid, España] :
_bOcho y Medio,
_c2003
300 _a188 páginas
490 _aFahrenheit 451
650 _aFilm studies
856 _uhttps://public.digitaliapublishing.com/a/431
942 _cCF
999 _c89655
_d89655